| 000 | 00545nam a2200157 a 4500 | ||
|---|---|---|---|
| 008 | 120416s1999 ||||||||||||||||| || u | ||
| 020 | _a0073659452 | ||
| 050 | _aHG 4026 Ros | ||
| 100 | _aJordan, B. D | ||
| 245 | 1 | 0 | _aEssentials of corporate finance |
| 260 |
_aBoston: _bMcGraw-Hill _c1999 |
||
| 350 | _a0.00 | ||
| 650 | _aCORPORATIONS--FINANCE | ||
| 700 | _aRoss, S. A | ||
| 995 |
_D0.00 _FCBU-MAIN LIBRARY (Kitwe) _H1 _I28.00 _M1 _UAVAILABLE _WJun 12, 2006 _ZMain Library Open Access Collection |
||
| 999 |
_c42423 _d42423 |
||